Alimentação saudável com o gang dos frescos (Registo nº 6084)
[ vista simples ]
| 000 -Etiqueta do registo | |
|---|---|
| Valores | 00664nam 22001933 4500 |
| 100 ## - Dados gerais de processamento | |
| Dados gerais | 20251022d2005 u||y0pory50 ba |
| 200 ## - Titulo e menção de responsabilidade | |
| Título próprio | Alimentação saudável com o gang dos frescos |
| Primeira menção de responsabilidade | Direção-Geral da Saúde |
| Outras menções de responsabilidade | Receitas de Chef Hernâni Ermida ; fot. Revelamos |
| 210 ## - Publicação | |
| Local de publicação | Sintra |
| Nome do editor | Lidl & Cia |
| Data de publicação | 2005? |
| 215 ## - Descrição física | |
| Paginação / Volumes | 33 p. |
| Outras indicações físicas | il. |
| 300 ## - Notas gerais | |
| Texto da nota | Programa Nacional para a Promoção da Alimentação Saudável |
| 606 ## - Nome comum usado como assunto | |
| ID Autoridade | 585 |
| Palavra de ordem | Alimentação |
| 606 ## - Nome comum usado como assunto | |
| ID Autoridade | 29 |
| Palavra de ordem | Publicação para crianças |
| 675 ## - CDU | |
| Notação | 087.5 |
| Edição | BN |
| Língua | por |
| 710 ## - Autor principal (colectividade) | |
| ID Autoridade | 5793 |
| Nome da entidade | Direção-Geral da Saúde |
| 801 ## - Fonte de origem | |
| País | PT |
| Agência | BEN2VN |
| Regras de catalogação | RPC |
| 830 ## - Notas gerais do catalogador | |
| Criado por | Tânia Croca |
| Data de criação | 22/10/2025 |
| 990 ## - Elementos KOHA | |
| Tipo de documento | Livro |
| Situação do levantamento | Biblioteca de origem | Código de barras | Cota | Permissão de empréstimo | Tipo de documento | Forma de aquisição |
|---|---|---|---|---|---|---|
| Biblioteca Escola Nº2 Vendas Novas | 100000032397 | DE ALI | Livro | |||
| Biblioteca Escola Nº2 Vendas Novas | 100000003029 | DE ALI | Livro | |||
| Biblioteca Escola Nº2 Vendas Novas | 100000030749 | DE ALI | Livro |